000 nam a22 7a 4500
999 _c50767
_d50767
003 OSt
005 20210402100505.0
008 210402b xxu||||| |||| 00| 0 eng d
040 _cSEROSOFT
100 _aCHANDRA RAMESH
245 _aGUIDANCE AND COUNSELLING
300 _a316
942 _2ddc
_c01